LEADER 00844nam0 2200265 450 001 000022668 005 20090206121104.0 010 $a1858985226 100 $a20090206d1996----km-y0itay50------ba 101 0 $aeng 102 $aGB 105 $ay-------001yy 200 1 $a<>economics of public choice$fby P. A. McNutt 210 $aCheltenham$aBrookfield$cEdward Elgar$dc1996 215 $a252 p.$d24 cm 500 10$a<>economics of public choice$945527 610 1 $aInterazione sociale$aModelli matematici 610 1 $aVotazione$aModelli matematici 676 $a302.13$v20$9Scelta e influenze sociali 700 1$aMcNutt,$bPatrick A.$0140887 801 0$aIT$bUNIPARTHENOPE$c20090206$gRICA$2UNIMARC 912 $a000022668 951 $a327/68$b8160$cNAVA2 996 $aEconomics of public choice$945527 997 $aUNIPARTHENOPE LEADER 00889nam0-22003011i-450- 001 990002874410403321 035 $a000287441 035 $aFED01000287441 035 $a(Aleph)000287441FED01 035 $a000287441 100 $a20000920d1971----km-y0itay50------ba 101 0 $aITA 200 1 $aAppunti di matematica finanziaria$fLuciano Daboni, Claudio De Ferra 210 $aTrieste$cUniversità degli Studi di Trieste$d1971 215 $a136 p.$d25 cm 610 0 $aMatematica finanziaria 610 0 $aMatematica finanziaria$ateoria generale 676 $a332.01 700 1$aDaboni,$bLuciano$f<1920- >$0561 702 1$aDe Ferra,$bClaudio 801 0$aIT$bUNINA$gRICA$2UNIMARC 901 $aBK 912 $a990002874410403321 952 $aMIV-B-208$b2294/18$fMAS 959 $aMAS 996 $aAppunti di matematica finanziaria$9415875 997 $aUNINA DB $aING01